[Event "5th Hainan Danzhou 2014"]
[Site "Danzhou CHN"]
[Date "2014.06.25"]
[Round "1.3"]
[White "Bu, Xiangzhi"]
[Black "Ma, Qun"]
[Result "1-0"]
[WhiteTitle "GM"]
[BlackTitle "GM"]
[WhiteElo "2693"]
[BlackElo "2609"]
[WhiteFideId "8601445"]
[BlackFideId "8603154"]
[EventDate "2014.06.25"]

1. Nf3 d5 2. d4 c6 3. c4 Nf6 4. Nc3 dxc4 5. a4 Bf5 6. Ne5 Nbd7 7. Nxc4 Nb6 8.
Ne3 Bg6 9. a5 Nbd5 10. g3 e6 11. Bg2 Bb4 12. Nxd5 Nxd5 13. Bd2 Nxc3 14. Bxc3
Bxc3+ 15. bxc3 Qc7 16. O-O O-O 17. Qb3 Rab8 18. Rfd1 Rfc8 19. Rd2 b6 20. axb6
axb6 21. Ra6 c5 22. d5 exd5 23. Rxd5 b5 24. h4 Qe7 25. Qd1 b4 26. h5 Be4 27. Rd7
Qe8 28. cxb4 Bxg2 29. Kxg2 Rd8 30. Rxd8 Rxd8 31. Rd6 Rxd6 32. Qxd6 cxb4 33. Qxb4
h6 34. Qc4 Kh8 35. Kf3 f6 36. Qd5 Qc8 37. Kf4 Qb8+ 38. Kf3 Qc8 39. e3 Qb8 40.
Qc6 Qd8 41. Kg4 Qd1+ 42. f3 Qd8 43. e4 Qb8 44. f4 Qd8 45. Kf5 Qd3 46. g4 Kh7 47.
Ke6 Qf3 48. Kf5 Qd3 49. Qd5 Qc3 50. Qb7 Qf3 51. Qb1 Qc3 52. e5 Qc8+ 53. e6 Qc4
54. g5 hxg5 55. fxg5 Qc7 56. Qe4 Qa5+ 57. Kg4+ Kh8 58. e7 f5+ 59. Kh4 1-0

[Event "5th Hainan Danzhou 2014"]
[Site "Danzhou CHN"]
[Date "2014.06.26"]
[Round "2.1"]
[White "Zhao, Jun"]
[Black "Zhou, Weiqi"]
[Result "1/2-1/2"]
[WhiteTitle "GM"]
[BlackTitle "GM"]
[WhiteElo "2603"]
[BlackElo "2601"]
[WhiteFideId "8602522"]
[BlackFideId "8601674"]
[EventDate "2014.06.25"]

1. e4 e5 2. Nf3 Nf6 3. Nc3 Nc6 4. Bb5 Bb4 5. O-O O-O 6. d3 d6 7. Ne2 Ne7 8. Ng3
Ng6 9. c3 Bc5 10. d4 Bb6 11. Be3 c6 12. Bd3 Re8 13. Re1 h6 14. h3 Be6 15. a4 c5
16. dxe5 dxe5 17. Bb5 Qxd1 18. Rexd1 Rec8 19. a5 Bd8 20. Nd2 Be7 21. a6 bxa6 22.
Rxa6 c4 23. Bxa7 Ne8 24. Bxe8 Rxe8 25. Rda1 Nf4 26. Nf5 Nd3 27. R6a2 Bf8 28. Ne3
Rac8 29. Nd5 Red8 30. Bb6 Rd6 31. Be3 Bxd5 32. exd5 Rxd5 33. g4 Rdd8 34. Rb1 Rc6
35. Ra4 Rdc8 36. Kf1 Be7 37. Ke2 Nf4+ 38. Bxf4 exf4 39. Rba1 Kh7 40. Ra6 Rc5 41.
R1a5 Bg5 42. Rxc5 Rxc5 43. f3 f5 44. Ra4 Re5+ 45. Kd1 fxg4 46. hxg4 h5 47. gxh5
Kh6 48. Rxc4 Kxh5 49. Re4 Rb5 50. b4 Bf6 51. Kc2 g5 52. Re6 Bg7 53. Ra6 Rb7 54.
Ra1 Re7 55. Ne4 g4 56. Rh1+ Kg6 57. Rg1 g3 58. Nxg3 fxg3 59. Rxg3+ Kf5 60. Rg4
Be5 61. Rc4 Ke6 62. Kb3 Rf7 63. f4 Rxf4 64. Rxf4 1/2-1/2

[Event "5th Hainan Danzhou 2014"]
[Site "Danzhou CHN"]
[Date "2014.06.27"]
[Round "3.5"]
[White "Zhou, Weiqi"]
[Black "Yu, Yangyi"]
[Result "1/2-1/2"]
[WhiteTitle "GM"]
[BlackTitle "GM"]
[WhiteElo "2601"]
[BlackElo "2675"]
[WhiteFideId "8601674"]
[BlackFideId "8603820"]
[EventDate "2014.06.25"]

1. d4 Nf6 2. c4 e6 3. Nf3 d5 4. Nc3 Bb4 5. Bg5 h6 6. Bxf6 Qxf6 7. Qa4+ Nc6 8. e3
O-O 9. cxd5 exd5 10. Be2 Rd8 11. O-O Bf8 12. Rfc1 Ne7 13. b4 a6 14. Qb3 Bg4 15.
Na4 c6 16. Nc5 Ra7 17. a4 Nf5 18. Ra2 Bd6 19. b5 axb5 20. axb5 Rxa2 21. Qxa2 Qe7
22. bxc6 bxc6 23. Qd2 Ra8 24. Nd3 Bxf3 25. Bxf3 Qg5 26. Ne1 Ne7 27. g3 h5 28. h4
Qf5 29. Qd3 Qxd3 30. Nxd3 g6 31. Rb1 Ra3 32. Be2 Rc3 33. Rb7 Nf5 34. Rb2 Ne7 35.
Kf1 c5 36. dxc5 Bxc5 37. Rb7 Bd6 38. Rd7 Nf5 39. Rb7 Kg7 40. Rb5 Ne7 41. Kg1 Ra3
42. Rb1 Ra2 43. Bf1 Rd2 44. Ne1 Ra2 45. Nf3 Ra7 46. Bg2 Rc7 47. Nd4 Be5 48. Ne2
Ra7 49. Rb5 Ra1+ 50. Kh2 Ra2 51. Bf3 Kf6 52. Kg2 Rd2 53. Rb6+ Kg7 54. Rb4 Kf6
55. Rb6+ Kg7 56. Rb4 Kf6 57. Rb6+ 1/2-1/2

[Event "5th Hainan Danzhou 2014"]
[Site "Danzhou CHN"]
[Date "2014.06.28"]
[Round "4.1"]
[White "Zhao, Jun"]
[Black "Yu, Yangyi"]
[Result "0-1"]
[WhiteTitle "GM"]
[BlackTitle "GM"]
[WhiteElo "2603"]
[BlackElo "2675"]
[WhiteFideId "8602522"]
[BlackFideId "8603820"]
[EventDate "2014.06.25"]

1. e4 c5 2. Nf3 Nc6 3. Bb5 e6 4. Bxc6 bxc6 5. d3 Ne7 6. h4 d6 7. h5 e5 8. h6 Bg4
9. Na3 f5 10. Nc4 f4 11. Rh4 Bc8 12. hxg7 Bxg7 13. Ng5 Ng6 14. Qh5 Qf6 15. Nxh7
Rxh7 0-1

[Event "5th Hainan Danzhou 2014"]
[Site "Danzhou CHN"]
[Date "2014.06.28"]
[Round "4.2"]
[White "Ma, Qun"]
[Black "Zhou, Weiqi"]
[Result "1-0"]
[WhiteTitle "GM"]
[BlackTitle "GM"]
[WhiteElo "2609"]
[BlackElo "2601"]
[WhiteFideId "8603154"]
[BlackFideId "8601674"]
[EventDate "2014.06.25"]

1. e4 e5 2. Nf3 Nc6 3. Bb5 a6 4. Ba4 Nf6 5. O-O Be7 6. Re1 b5 7. Bb3 O-O 8. c3
d6 9. h3 Re8 10. d4 Bf8 11. Nbd2 Bb7 12. Ng5 Re7 13. d5 Na5 14. Bc2 c6 15. b4
Nc4 16. Nxc4 bxc4 17. dxc6 Bxc6 18. Qe2 Rc8 19. Nf3 h6 20. Bd2 Qd7 21. Rad1 Ba4
22. Bxa4 Qxa4 23. Bc1 Re6 24. Nh2 Be7 25. Ng4 Nxg4 26. Qxg4 Rf8 27. Qe2 Qc6 28.
Qd2 Rg6 29. Qd5 Qc8 30. Re3 Kh7 31. Rf3 f5 32. exf5 Rxf5 33. a4 Qf8 34. Rxf5
Qxf5 35. b5 axb5 36. axb5 Qxh3 37. b6 Qxc3 38. b7 Qb3 39. Be3 Bd8 40. Ra1 Rg4
41. Qe6 Rxg2+ 42. Kxg2 Qxb7+ 43. Kg3 Qe4 44. Qg4 Qxg4+ 45. Kxg4 d5 46. Kf5 d4
47. Bc1 c3 48. Kxe5 d3 49. Be3 d2 50. Ke4 Bf6 51. Rg1 g5 52. Kd3 h5 53. Bc5 g4
54. Bb4 Bh4 55. Ke2 Bf6 56. Rg3 1-0

[Event "5th Hainan Danzhou 2014"]
[Site "Danzhou CHN"]
[Date "2014.06.30"]
[Round "5.4"]
[White "Zhou, Weiqi"]
[Black "Xiu, Deshun"]
[Result "1-0"]
[WhiteTitle "GM"]
[BlackTitle "GM"]
[WhiteElo "2601"]
[BlackElo "2550"]
[WhiteFideId "8601674"]
[BlackFideId "8603693"]
[EventDate "2014.06.25"]

1. d4 Nf6 2. c4 e6 3. Nf3 d5 4. Nc3 Bb4 5. cxd5 exd5 6. Bg5 h6 7. Bh4 c5 8. e3
c4 9. Be2 Nc6 10. Rc1 g5 11. Bg3 Ne4 12. Nd2 Nxg3 13. hxg3 Be6 14. Bf3 Rc8 15.
g4 a6 16. a3 Ba5 17. b3 b5 18. bxc4 bxc4 19. Qa4 Qd7 20. Kf1 Bxc3 21. Rxc3 Kf8
22. Qxa6 Kg7 23. Qa4 Bxg4 24. Qd1 Bf5 25. g4 Bd3+ 26. Kg2 Rb8 27. Nb3 Bg6 28.
Nc5 Qd6 29. Qa1 Rb6 30. a4 Na5 31. Ra3 Rhb8 32. Qc3 Rb4 33. Rh3 Kh7 34. Ra1 Nb3
35. Rah1 h5 36. Rxh5+ Bxh5 37. Rxh5+ Kg7 38. Rxg5+ Kh6 39. Rxd5 Qg6 40. Rh5+ Kg7
41. d5+ f6 42. Ne4 1-0

[Event "5th Hainan Danzhou 2014"]
[Site "Danzhou CHN"]
[Date "2014.06.30"]
[Round "5.5"]
[White "Yu, Yangyi"]
[Black "Ma, Qun"]
[Result "1-0"]
[WhiteTitle "GM"]
[BlackTitle "GM"]
[WhiteElo "2675"]
[BlackElo "2609"]
[WhiteFideId "8603820"]
[BlackFideId "8603154"]
[EventDate "2014.06.25"]

1. e4 c5 2. Nf3 d6 3. d4 cxd4 4. Nxd4 Nf6 5. Nc3 Nc6 6. Bg5 e6 7. Qd2 a6 8.
O-O-O Be7 9. f4 Nxd4 10. Qxd4 b5 11. Bxf6 gxf6 12. Be2 Rb8 13. Kb1 Qa5 14. e5
dxe5 15. fxe5 b4 16. Nb5 Qb6 17. exf6 Qxd4 18. Nc7+ Kd7 19. Rxd4+ Bd6 20. Rhd1
Kxc7 21. Rxd6 Rg8 22. g3 Rg6 23. R6d4 Rb6 24. Rc4+ Rc6 25. Rxb4 Rxf6 26. Rf1
Rxf1+ 27. Bxf1 Rd6 28. Bd3 e5 29. Re4 f6 30. Kc1 h6 31. Kd2 Bf5 32. Rc4+ Kd7 33.
Ke3 Bxd3 34. cxd3 Ke6 35. b4 f5 36. a3 Kd5 37. Rc5+ Ke6 38. Rc8 Kd5 39. Rc7 Ke6
40. Rc5 h5 41. a4 h4 42. gxh4 f4+ 43. Ke2 Kf5 44. h5 f3+ 45. Ke3 f2 46. Kxf2
Rxd3 47. h6 Rh3 48. Rc6 e4 49. b5 axb5 50. axb5 e3+ 51. Ke1 Rxh2 52. b6 Ke4 53.
b7 Rh1+ 54. Ke2 Rh2+ 55. Kd1 Rd2+ 56. Ke1 Rb2 1-0

[Event "5th Hainan Danzhou 2014"]
[Site "Danzhou CHN"]
[Date "2014.07.01"]
[Round "6.1"]
[White "Zhao, Jun"]
[Black "Ma, Qun"]
[Result "1/2-1/2"]
[WhiteTitle "GM"]
[BlackTitle "GM"]
[WhiteElo "2603"]
[BlackElo "2609"]
[WhiteFideId "8602522"]
[BlackFideId "8603154"]
[EventDate "2014.06.25"]

1. e4 c5 2. Nf3 d6 3. d4 Nf6 4. Nc3 cxd4 5. Nxd4 a6 6. Bg5 e6 7. f4 b5 8. e5
dxe5 9. fxe5 Qc7 10. exf6 Qe5+ 11. Be2 Qxg5 12. O-O Ra7 13. Qd3 Rd7 14. Ne4 Qe5
15. Nf3 Qxb2 16. Qe3 Bb7 17. Rab1 Qxa2 18. c4 Bxe4 19. fxg7 Bxg7 20. Qxe4 h6 21.
Ne5 Bxe5 22. Qxe5 O-O 23. Rb2 Qa3 24. Rf3 Qa1+ 25. Kf2 Kh7 26. Qf6 Rg8 27. Bd3+
Rxd3 28. Rxd3 Rg5 29. Qxf7+ Rg7 30. Qf6 Nd7 31. Qd4 Nc5 32. Rd1 e5 33. Rxa1 exd4
34. Rd1 bxc4 35. Rxd4 Nd3+ 36. Rxd3 cxd3 37. Ke3 Rd7 38. Kd2 Rd6 39. Ra2 Kg6 40.
Ra5 h5 41. g3 Kh6 42. h3 Rg6 43. g4 hxg4 44. hxg4 Rxg4 45. Rxa6+ Rg6 46. Rxg6+
Kxg6 47. Kxd3 1/2-1/2

[Event "5th Hainan Danzhou 2014"]
[Site "Danzhou CHN"]
[Date "2014.07.01"]
[Round "6.2"]
[White "Xiu, Deshun"]
[Black "Yu, Yangyi"]
[Result "1-0"]
[WhiteTitle "GM"]
[BlackTitle "GM"]
[WhiteElo "2550"]
[BlackElo "2675"]
[WhiteFideId "8603693"]
[BlackFideId "8603820"]
[EventDate "2014.06.25"]

1. d4 Nf6 2. c4 e6 3. Nf3 b6 4. g3 Bb7 5. Bg2 c5 6. O-O cxd4 7. Qxd4 d6 8. Nc3
a6 9. Bg5 Nbd7 10. Nd2 Bxg2 11. Kxg2 Be7 12. Nde4 Qc7 13. Rfd1 O-O 14. Rac1 Rfd8
15. Nxf6+ Nxf6 16. Ne4 Qb7 17. f3 Nxe4 18. Bxe7 Qxe7 19. Qxe4 Rac8 20. Qd4 Rc6
21. Rc3 Qc7 22. e4 h6 23. Rdc1 Rc8 24. R1c2 Qb8 25. Rc1 Qb7 26. R1c2 Qc7 27. h4
Rc5 28. Qd1 Qe7 29. Qd4 Qc7 30. Qd1 a5 31. a4 Qe7 32. Qd2 Qd7 33. b3 Qc6 34. Rc1
f5 35. Re1 Rf8 36. Rd3 fxe4 37. Rxd6 exf3+ 38. Kf2 Qc7 39. Rexe6 Qf7 40. Qd3 Rf5
41. Qe4 Qc7 42. Qc6 Qxc6 43. Rxc6 Rd8 44. Rcd6 Kf7 45. Rxd8 Kxe6 46. Rd3 Re5 47.
Kxf3 Rf5+ 48. Ke2 g5 49. Rf3 Rc5 50. Rf8 gxh4 51. gxh4 Ke5 52. Ke3 Rc6 53. Rd8
Rg6 54. Rd5+ Ke6 55. Kf4 Ke7 56. Kf5 Rf6+ 57. Kg4 Rg6+ 58. Kh5 Rc6 59. Rd3 Re6
60. Rd5 Rc6 61. Kg4 Rg6+ 62. Kf5 Rf6+ 63. Ke4 Rg6 64. h5 Rc6 65. Kd4 Rf6 66. c5
bxc5+ 67. Kxc5 Ra6 68. Kb5 Ra8 69. Kc6 Ke6 70. Rb5 Rc8+ 71. Kb6 Kd6 72. Kxa5 1-0

[Event "5th Hainan Danzhou 2014"]
[Site "Danzhou CHN"]
[Date "2014.07.02"]
[Round "7.4"]
[White "Yu, Yangyi"]
[Black "Ding, Liren"]
[Result "0-1"]
[WhiteTitle "GM"]
[BlackTitle "GM"]
[WhiteElo "2675"]
[BlackElo "2714"]
[WhiteFideId "8603820"]
[BlackFideId "8603677"]
[EventDate "2014.06.25"]

1. e4 c6 2. d4 d5 3. Nd2 dxe4 4. Nxe4 Bf5 5. Ng3 Bg6 6. h4 h6 7. Nf3 e6 8. h5
Bh7 9. Bd3 Bxd3 10. Qxd3 Nf6 11. Bd2 Be7 12. O-O-O O-O 13. Kb1 c5 14. Ne4 Nc6
15. Bc3 Nb4 16. Nxf6+ Bxf6 17. Bxb4 cxb4 18. Qe4 Qb6 19. Ne5 Rad8 20. f4 Rd5 21.
Rd2 Rfd8 22. Rhd1 a5 23. g4 a4 24. Rd3 Bxe5 25. fxe5 R8d7 26. Qf4 Qd8 27. Qd2
Rb5 28. Rg1 b3 29. g5 hxg5 30. Rxg5 bxc2+ 31. Kxc2 Kh8 32. Rg4 a3 33. Rxa3 Rxe5
34. Rag3 Rc5+ 35. Kb1 Qf6 36. a3 Rxh5 37. Rxg7 Qxg7 38. Rxg7 Kxg7 39. a4 Rhd5
40. a5 Rxd4 41. Qg5+ Kf8 42. Qf6 R7d5 43. Qh8+ Ke7 44. Qb8 Rb5 45. Qc7+ Kf6 46.
Qc3 e5 47. a6 bxa6 48. Qc6+ Kg5 49. Qxa6 Rdb4 50. Qa8 Rxb2+ 51. Kc1 Rb8 52. Qe4
R2b5 53. Qe3+ Kg6 54. Qg3+ Kf6 55. Qh4+ Ke6 56. Qh6+ Ke7 57. Qh4+ Kd7 58. Qf6
Rc5+ 59. Kd2 Rb2+ 60. Kd3 Rb3+ 61. Kd2 Ke8 62. Qd6 Rbc3 63. Qf6 Rc2+ 64. Kd1
R2c4 65. Kd2 Rf4 66. Qb6 Rd5+ 67. Ke3 Kf8 68. Qc6 Rfd4 69. Qf6 Rc5 70. Ke2 Rb5
71. Ke3 Rbd5 72. Qh6+ Ke7 73. Qg5+ Ke6 74. Qh6+ Kd7 75. Qf6 Rf4 76. Qb6 Rdd4 77.
Qb5+ Kd6 78. Qe8 Rc4 79. Kd3 Rfd4+ 80. Ke3 Rc3+ 81. Ke2 Rc7 82. Ke3 Re7 83. Qc8
Rd7 84. Qe8 Rf4 85. Qb8+ Ke6 86. Qe8+ Re7 87. Qh8 f6 88. Qg8+ Kf5 89. Qc8+ Kg6
90. Qg8+ Rg7 91. Qe8+ Kg5 92. Qd8 Rg6 93. Qe8 Rd4 94. Kf3 Rd3+ 95. Ke4 Rg3 96.
Qc8 Rg4+ 97. Kf3 Rf4+ 98. Ke3 f5 99. Qd8+ Kg4 100. Qd1+ Kh4 101. Qh1+ Kg5 102.
Qh8 e4 103. Kd4 Rf3 104. Qh2 Rh6 105. Qb2 Re6 106. Kd5 Re7 107. Kd6 Rh7 108. Ke5
Rhh3 109. Qd2+ Kg4 110. Qe2 Rg3 111. Qh2 e3 112. Qe2 Kh3 113. Kd4 Rf2 114. Qe1
Kg2 115. Kd3 e2+ 116. Kd4 f4 117. Ke4 Re3+ 118. Kf5 Rf1 119. Qd2 0-1

[Event "5th Hainan Danzhou 2014"]
[Site "Danzhou CHN"]
[Date "2014.07.02"]
[Round "7.5"]
[White "Ma, Qun"]
[Black "Xiu, Deshun"]
[Result "1/2-1/2"]
[WhiteTitle "GM"]
[BlackTitle "GM"]
[WhiteElo "2609"]
[BlackElo "2550"]
[WhiteFideId "8603154"]
[BlackFideId "8603693"]
[EventDate "2014.06.25"]

1. d4 d5 2. c4 e6 3. Nc3 Bb4 4. cxd5 exd5 5. Bf4 c5 6. e3 c4 7. Nf3 Nf6 8. Nd2
O-O 9. Be2 Re8 10. O-O Bf5 11. g4 Be6 12. Bf3 h6 13. a3 Bd6 14. Bxd6 Qxd6 15. h3
Nc6 16. b3 cxb3 17. Nxb3 b6 18. Ne2 a5 19. Nf4 a4 20. Nc1 Bd7 21. Nce2 Na5 22.
Nc3 Bc6 23. Nxa4 Nc4 24. Nc3 b5 25. Bg2 g5 26. Nd3 Rxa3 27. Rxa3 Qxa3 28. Qa1
Qd6 29. Qd1 b4 30. Ne2 b3 31. Ng3 Bd7 32. Qa1 Rb8 33. Nb2 Qa3 34. Qxa3 Nxa3 35.
Ra1 Nc4 36. Rb1 Re8 37. Nd3 b2 38. Ne2 Ba4 39. Nxb2 Bc2 40. Nxc4 Bxb1 41. Nb6
Rd8 42. Nc3 Be4 43. Nxe4 dxe4 44. Na4 Kg7 45. Nc5 Re8 46. Kh2 Re7 47. Kg3 Kf8
48. Bf1 Ke8 49. h4 Kd8 50. Bc4 Kc7 51. Ba6 Kb6 52. hxg5 hxg5 53. Bc8 Ne8 54. Bd7
Nd6 55. Kg2 Nb7 56. Nxb7 Rxd7 57. Nc5 Re7 58. Kf1 Kc6 59. Kg2 Kd5 60. Kg1 Kc6
61. Kg2 Kc7 62. Kf1 f6 63. Ke2 Kd6 64. Kf1 Kc6 65. Kg2 Kd5 66. Kf1 Rc7 67. Kg2
Rf7 68. Na4 Kc4 69. Nc5 Re7 70. Kf1 Kb5 71. Ke2 Kc6 72. Kf1 Kd6 73. Kg1 Kc7 74.
Kf1 Re8 75. Ke1 Kd6 76. Kf1 Kd5 77. Kg2 Rf8 78. Na4 Re8 79. Nc5 Rg8 80. Na4 Re8
81. Nc5 Rh8 82. Na4 Re8 83. Nc5 Rd8 84. Na4 Re8 85. Nc5 Rc8 86. Na4 Rc7 87. Nc5
Rf7 88. Na4 Rc7 89. Nc5 Rg7 90. Na4 Re7 91. Nc5 Rh7 92. Na4 Rc7 93. Nc5 Ra7 94.
Kg3 Rf7 95. Na4 Rc7 96. Nc5 Re7 97. Kg2 Rc7 98. Kg3 Re7 99. Kg2 Rc7 100. Kg3 Re7
101. Kg2 Rc7 1/2-1/2

[Event "5th Hainan Danzhou 2014"]
[Site "Danzhou CHN"]
[Date "2014.07.03"]
[Round "8.1"]
[White "Zhao, Jun"]
[Black "Xiu, Deshun"]
[Result "0-1"]
[WhiteTitle "GM"]
[BlackTitle "GM"]
[WhiteElo "2603"]
[BlackElo "2550"]
[WhiteFideId "8602522"]
[BlackFideId "8603693"]
[EventDate "2014.06.25"]

1. e4 c5 2. Nf3 d6 3. Bb5+ Bd7 4. Bxd7+ Qxd7 5. c4 Nf6 6. Nc3 Nc6 7. d4 cxd4 8.
Nxd4 g6 9. f3 Nxd4 10. Qxd4 Bg7 11. Be3 O-O 12. Qd3 a6 13. O-O Rab8 14. a4 Qc6
15. Rac1 Nd7 16. b3 Nc5 17. Qc2 e6 18. Rfd1 b6 19. Bd4 Bxd4+ 20. Rxd4 Nxb3 21.
Qxb3 Qc5 22. Rd1 e5 23. Nd5 Rb7 24. Nb4 exd4 25. Nxa6 Qg5 26. Nb4 Qe3+ 27. Qxe3
dxe3 28. Nd5 e2 29. Rb1 Ra8 30. Kf2 Rxa4 31. Rxb6 Rxb6 32. Nxb6 Ra2 33. Ke1 Kf8
34. c5 Ra6 35. e5 dxc5 36. Nd7+ Ke7 37. Nxc5 Ra5 38. Nd3 Ke6 39. Nf4+ Kxe5 40.
Nxe2 f5 41. Kf2 g5 42. Kf1 Ra1+ 43. Kf2 Rh1 44. h3 Ra1 45. g3 Ra2 46. Ke3 Rxe2+
47. Kxe2 Kd4 48. Kd2 f4 0-1